<?xml version="1.0" encoding="UTF-8"?>
<record
    xmlns:xsi="http://www.w3.org/2001/XMLSchema-instance"
    xsi:schemaLocation="http://www.loc.gov/MARC21/slim http://www.loc.gov/standards/marcxml/schema/MARC21slim.xsd"
    xmlns="http://www.loc.gov/MARC21/slim">

  <leader>02066njm a2200349Ia 4500</leader>
  <controlfield tag="001">23789</controlfield>
  <controlfield tag="003">IT-RoPAU</controlfield>
  <controlfield tag="005">20220918181118.0</controlfield>
  <controlfield tag="008">131025s9999    xx            000 0 und d</controlfield>
  <datafield tag="040" ind1=" " ind2=" ">
    <subfield code="a">IT-RoPAU</subfield>
  </datafield>
  <datafield tag="040" ind1=" " ind2=" ">
    <subfield code="c">IT-RoPAU</subfield>
  </datafield>
  <datafield tag="999" ind1=" " ind2=" ">
    <subfield code="c">99589</subfield>
    <subfield code="d">99589</subfield>
  </datafield>
  <datafield tag="999" ind1=" " ind2=" ">
    <subfield code="b">n.d.</subfield>
  </datafield>
  <datafield tag="100" ind1=" " ind2=" ">
    <subfield code="a">AA.VV.</subfield>
    <subfield code="9">794</subfield>
  </datafield>
  <datafield tag="100" ind1=" " ind2=" ">
    <subfield code="e">Autore musica</subfield>
    <subfield code="9">5909</subfield>
  </datafield>
  <datafield tag="100" ind1=" " ind2=" ">
    <subfield code="g">Codice autore musica SPICS: 12000</subfield>
    <subfield code="9">796</subfield>
  </datafield>
  <datafield tag="245" ind1=" " ind2=" ">
    <subfield code="a">Italienische Violinsonaten (Lp 642095 Aq)</subfield>
  </datafield>
  <datafield tag="250" ind1=" " ind2=" ">
    <subfield code="a">1a ed.</subfield>
  </datafield>
  <datafield tag="260" ind1=" " ind2=" ">
    <subfield code="a">AMBURGO</subfield>
  </datafield>
  <datafield tag="260" ind1=" " ind2=" ">
    <subfield code="b">TELEFUNKEN - DECCA</subfield>
    <subfield code="c">1969 [1a Ed.:1969]</subfield>
  </datafield>
  <datafield tag="300" ind1=" " ind2=" ">
    <subfield code="a">DISCO</subfield>
  </datafield>
  <datafield tag="300" ind1=" " ind2=" ">
    <subfield code="c">43 minuti (Testo:  pag.)</subfield>
  </datafield>
  <datafield tag="500" ind1=" " ind2=" ">
    <subfield code="a">Musica strumentale. Violino</subfield>
  </datafield>
  <datafield tag="505" ind1=" " ind2=" ">
    <subfield code="a">Sonata a due violini Tausend Gulden [(Bertali) (7:00)] - Sonata tertia detta la Moretta a 3 Aus libro 1 della Pavane, Gagliarde... (13:00) - Sonata in dialogo detta la viene [(Rossi) (5:00)] - Sonata per il violino e violone [(Cima) (4:00)] - Sonata a tre aus concerti ecclesiastici a una, due, tre, quattro voci con doi a cinque e uno a otto (3:00) - Sonata quarta a due soprani aus sonata concertante (6:00) - Sonata a tre [(F. Cavalli) (6:00)]</subfield>
  </datafield>
  <datafield tag="650" ind1=" " ind2=" ">
    <subfield code="a">STRUMENTALE [DISCHI]</subfield>
    <subfield code="e">Codice MATERIA SPICS: 9950</subfield>
    <subfield code="9">828</subfield>
  </datafield>
  <datafield tag="700" ind1=" " ind2=" ">
    <subfield code="a">Bertali Antonio</subfield>
    <subfield code="d">Codice autore musica SPICS: 13802</subfield>
    <subfield code="e">Autore musica</subfield>
    <subfield code="p">Sonata a due violini Tausend Gulden</subfield>
    <subfield code="9">5910</subfield>
  </datafield>
  <datafield tag="700" ind1=" " ind2=" ">
    <subfield code="a">Farina Carlo</subfield>
    <subfield code="d">Codice autore musica SPICS: 13803</subfield>
    <subfield code="e">Autore musica</subfield>
    <subfield code="p">Sonata tertia detta la Moretta a 3 Aus libro 1 della Pavane, Gagliarde...</subfield>
    <subfield code="9">5911</subfield>
  </datafield>
  <datafield tag="700" ind1=" " ind2=" ">
    <subfield code="a">Rossi Salomone</subfield>
    <subfield code="d">Codice autore musica SPICS: 13804</subfield>
    <subfield code="e">Autore musica</subfield>
    <subfield code="p">Sonata in dialogo detta la viene</subfield>
    <subfield code="9">5912</subfield>
  </datafield>
  <datafield tag="700" ind1=" " ind2=" ">
    <subfield code="a">Cima Gian Paolo</subfield>
    <subfield code="d">Codice autore musica SPICS: 13805</subfield>
    <subfield code="e">Autore musica</subfield>
    <subfield code="p">Sonata per il violino e violone - Sonata a tre aus concerti ecclesiastici a una, due, tre, quattro voci con doi a cinque e uno a otto</subfield>
    <subfield code="9">5913</subfield>
  </datafield>
  <datafield tag="700" ind1=" " ind2=" ">
    <subfield code="a">Castillo Dario</subfield>
    <subfield code="d">Codice autore musica SPICS: 13806</subfield>
    <subfield code="e">Autore musica</subfield>
    <subfield code="p">Sonata quarta a due soprani aus sonata concertante</subfield>
    <subfield code="9">5914</subfield>
  </datafield>
  <datafield tag="700" ind1=" " ind2=" ">
    <subfield code="a">Lecocq Charles Andr&#xE9;</subfield>
    <subfield code="d">Codice autore musica SPICS: 13807</subfield>
    <subfield code="e">Autore musica</subfield>
    <subfield code="p">Sonata a tre</subfield>
    <subfield code="9">5915</subfield>
  </datafield>
  <datafield tag="942" ind1=" " ind2=" ">
    <subfield code="c">MD</subfield>
    <subfield code="2">ddc</subfield>
  </datafield>
  <datafield tag="952" ind1=" " ind2=" ">
    <subfield code="0">0</subfield>
    <subfield code="1">0</subfield>
    <subfield code="4">0</subfield>
    <subfield code="6">23789_000000000000000</subfield>
    <subfield code="7">1</subfield>
    <subfield code="a">SPICS</subfield>
    <subfield code="b">SPICS</subfield>
    <subfield code="d">2013-10-25</subfield>
    <subfield code="l">0</subfield>
    <subfield code="o">23789</subfield>
    <subfield code="r">2013-10-25 00:00:00</subfield>
    <subfield code="w">2013-10-25</subfield>
    <subfield code="y">MD</subfield>
    <subfield code="z">Progr. Ins.: 4636 / N.Vol.: 1 / Copie: 1 - Copia rara: n.d. / date import: 01.01.2014 - By Epidotti, Trombetti, Vaglietti</subfield>
  </datafield>
</record>
